000 00933nam a2200229Ia 4500
005 20241129105822.0
008 241129s9999||||xx |||||||||||||| ||und||
020 _a978-93-91214-65-4
037 _aTB
040 _aARTS
_bhin
_cARTS
041 _ahin
_2san
084 _aO15:gxE25,1 152R2
_qARTS
100 _aआचार्य क्षेमेन्द्र, ले.
245 0 _aऔचित्यविचार चर्चा: विस्तृत भूमिका एवं हिन्दी - व्याख्या सहित
_cआचार्य क्षेमेन्द्र, ले.
260 _aदिल्ली, भारत
_bशिवालिक प्रकाशन
_c2022
300 _a116पृ0
365 _aINR
_b795
546 _aTranslated from Sanskrit to Hindi
650 _aSanskrit Literature
942 _cTB
_hO15:gxE25,1 152R2
999 _c1226130
_d1226130